Library of the University of Algiers 3
Ibrahim Sultan Cheibout
شعار جامعة الجزائر 3
مكتبة جامعة الجزائر 3
إبراهيم سلطان شيبوط

المبادئ الرئيسية بأهم معايير المحاسبة الدولية مع عرض أسس الافصاح عن البيانات في القوائم المالية والايضاحات المتممة لها / (رقم التسجيلة. 44365)

تفاصيل مارك
000 -LEADER
fixed length control field 02398nam a2200217Ia 4500
003 - CONTROL NUMBER IDENTIFIER
control field Ost
005 - DATE AND TIME OF LATEST TRANSACTION
control field 20260507075409.0
008 - FIXED-LENGTH DATA ELEMENTS--GENERAL INFORMATION
fixed length control field 260507s9999||||xx |||||||||||||| ||und||
040 ## - CATALOGING SOURCE
Transcribing agency fsecg
041 ## - LANGUAGE CODE
Language code of text/sound track or separate title ara
082 ## - DEWEY DECIMAL CLASSIFICATION NUMBER
Classification number 600
100 ## - MAIN ENTRY--PERSONAL NAME
Personal name غراب، إبراهيم سالم محمد
Relator term مؤلف
245 #0 - TITLE STATEMENT
Title المبادئ الرئيسية بأهم معايير المحاسبة الدولية مع عرض أسس الافصاح عن البيانات في القوائم المالية والايضاحات المتممة لها /
Statement of responsibility, etc. إبراهيم سالم محمد غراب
260 ## - PUBLICATION, DISTRIBUTION, ETC.
Place of publication, distribution, etc. [دون مكان]:
Name of publisher, distributor, etc. [دون ناشر],
Date of publication, distribution, etc. 2008
300 ## - PHYSICAL DESCRIPTION
Extent 343 صفحة؛
Other physical details إيضاحات ؛
Dimensions 24 سم
520 ## - SUMMARY, ETC.
Summary, etc. يضم الافصاح عن السياسات المحاسبية، تقييم وعرض البضاعة في اطار نظام التكلفة التاريخية، البيانات المالية الموحدة، محاسبة الاستهلاك، المعلومات التي يجب الافصاح عنها في البيانات المالية، البنود غير العادية وبنود الفترات السابقة والتغيير في السياسات المحاسبية، الاحتمالات الطارئة والاحداث اللاحقة لتاريخ الميزانية العمومية، محاسبة عقود الانشاءات، محاسبة ضريبة الدخل، عرض الموجودات والمطلوبات المتداولة، التقارير المالية لقطاعات المؤسسة، المعلومات المبينة لاثار التغيير بالاسعار، محاسبة الممتلكات والمنشات والمعدات، محاسبة عقود الايجار، الاعتراف بالايراد، محاسبة منافع التقاعد في البيانات المالية لارباب العمل، محاسبة المنح الحكومية والافصاح عن المساعدات الحكومية، المحاسبة لاثار التغيير باسعار العملة الاجنبية، محاسبة مجموعة الاعمال، رسملة نفقات الاقتراض، الافصاح عن الجهات المقربة، محاسبة الاستثمارات
653 ## - INDEX TERM--UNCONTROLLED
Uncontrolled term المحاسبة
653 ## - INDEX TERM--UNCONTROLLED
Uncontrolled term المحاسبة الدولية
700 ## - ADDED ENTRY--PERSONAL NAME
Personal name البيومى، محمود محمد عبد السلام
Relator term مؤلف ثانوي
942 ## - ADDED ENTRY ELEMENTS (KOHA)
Koha item type كتب
المقتنيات
Withdrawn status Lost status Source of classification or shelving scheme Damaged status Not for loan Home library Current library Date acquired Serial enumeration / chronology Inventory number Total checkouts Full call number Barcode Date last seen Price effective from Koha item type
    Dewey Decimal Classification   NOT LOAN / إعارة داخلية مكتبة كلية العلوم الإقتصادية والعلوم التجارية وعلوم التسيير مكتبة كلية العلوم الإقتصادية والعلوم التجارية وعلوم التسيير 07/05/2026 الطابق الأرضي 26871   أ/4428ن1 26871 07/05/2026 07/05/2026 كتب
    Dewey Decimal Classification   Available مكتبة كلية العلوم الإقتصادية والعلوم التجارية وعلوم التسيير مكتبة كلية العلوم الإقتصادية والعلوم التجارية وعلوم التسيير 07/05/2026 الطابق الأرضي 26872   أ/4428ن2 26872 07/05/2026 07/05/2026 كتب
    Dewey Decimal Classification   Available مكتبة كلية العلوم الإقتصادية والعلوم التجارية وعلوم التسيير مكتبة كلية العلوم الإقتصادية والعلوم التجارية وعلوم التسيير 07/05/2026 الطابق الثاني 26873   أ/4428ن3 26873 07/05/2026 07/05/2026 كتب

موارد الويب المفتوحة


© University of Algiers 3 All Rights Reserved
|
Implemented by LECHELAH Riad